Normal view
MARC view
- University of Illinois at Urbana-Champaign
Entry Corporate Name
001 - CONTROL NUMBER
- control field: 46506
003 - CONTROL NUMBER IDENTIFIER
- control field: NUST
005 - DATE AND TIME OF LATEST TRANSACTION
- control field: 20210314133535.0
008 - FIXED-LENGTH DATA ELEMENTS
- fixed length control field: 210314|| aca||aabn | a|a d
040 ## - CATALOGING SOURCE
- Original cataloging agency: NUST
- Transcribing agency: NUST
110 ## - HEADING--CORPORATE NAME
- Corporate name or jurisdiction name as entry element: University of Illinois at Urbana-Champaign
670 ## - SOURCE DATA FOUND
- Source citation: Work cat.: (NUST): Bajpal, Kanti P. 46504, Brasstacks and beyond :, 1995.
